The Organization of American States: what it is and how it works. (Record no. 51417)

MARC details
000 -LEADER
fixed length control field 00656cam a22002171 4500
001 - CONTROL NUMBER
control field pa 60000012
003 - CONTROL NUMBER IDENTIFIER
control field DLC
005 - DATE AND TIME OF LATEST TRANSACTION
control field 20260227111855.0
008 - FIXED-LENGTH DATA ELEMENTS--GENERAL INFORMATION
fixed length control field 760622s1959 dcua i000 0 eng c
010 ## - LIBRARY OF CONGRESS CONTROL NUMBER
LC control number pa 60000012
035 ## - SYSTEM CONTROL NUMBER
System control number (OCoLC)2272403
040 ## - CATALOGING SOURCE
Original cataloging agency Pan Am Union
Transcribing agency FU
Modifying agency DLC
042 ## - AUTHENTICATION CODE
Authentication code premarc
050 00 - LIBRARY OF CONGRESS CALL NUMBER
Classification number F1402
Item number .P35
082 ## - DEWEY DECIMAL CLASSIFICATION NUMBER
Classification number 341.187
110 2# - MAIN ENTRY--CORPORATE NAME
Corporate name or jurisdiction name as entry element Pan American Union.
Subordinate unit Department of Public Information.
245 04 - TITLE STATEMENT
Title The Organization of American States: what it is and how it works.
260 ## - PUBLICATION, DISTRIBUTION, ETC.
Place of publication, distribution, etc. Washington,
Name of publisher, distributor, etc. Pan American Union,
Date of publication, distribution, etc. 1959.
300 ## - PHYSICAL DESCRIPTION
Extent 46 p.
Other physical details illus., diagr.
Dimensions 18 cm.
610 20 - SUBJECT ADDED ENTRY--CORPORATE NAME
Corporate name or jurisdiction name as entry element Organization of American States.

No items available.

Powered by Koha